Search the Library Catalogue
| 000 -LEADER | |
|---|---|
| fixed length control field | 00915nam a22001937a 4500 |
| 008 - FIXED-LENGTH DATA ELEMENTS--GENERAL INFORMATION | |
| fixed length control field | 250820b |||||||| |||| 00| 0 eng d |
| 020 ## - INTERNATIONAL STANDARD BOOK NUMBER | |
| ISBN | 9783836510189 |
| Paper back/Hardbound | hbk |
| 041 ## - LANGUAGE CODE | |
| Language code of text/sound track or separate title | eng |
| 082 ## - DEWEY DECIMAL CLASSIFICATION NUMBER | |
| Classification number | 709 |
| Item number | SCH |
| 100 ## - MAIN ENTRY--AUTHOR NAME | |
| Personal name | Schneider, Norbert |
| 245 ## - TITLE STATEMENT | |
| Title | Still Life |
| Sub Title | : still life painting in the early modern period |
| Statement of responsibility, etc | / Norbert Schneider (Author), Hugh Beyer (Translator) |
| 260 ## - PUBLICATION, DISTRIBUTION, ETC. (IMPRINT) | |
| Place of publication | Köln |
| Name of publisher | Taschen |
| Year of publication | 2009 |
| 300 ## - PHYSICAL DESCRIPTION | |
| Number of Pages | 215 p. |
| Other physical details | : ill. (some color) |
| Dimensions | ; 31 cm |
| 504 ## - BIBLIOGRAPHY, ETC. NOTE | |
| Bibliography, etc | Includes bibliographical references |
| 520 ## - SUMMARY, ETC. | |
| Summary, etc | The still life, the most primordial of painting subjects, had its peak between the late Middle Ages and the 17th century. In this book, Norbert Schneider explores the still life insights into changes of mentality and philosophy as well as its role in the history of scientific discoveries and the gradual replacement of the medieval concept of the world<br/> |
| 650 ## - SUBJECT ADDED ENTRY--TOPICAL TERM | |
| Topical Term | Art |
| 942 ## - ADDED ENTRY ELEMENTS (KOHA) | |
| Koha item type | Reference |
| Withdrawn status | Lost status | Damaged status | Not for loan | Home library | Current library | Shelving location | Date acquired | Full call number | Accession Number | Price effective from | Koha item type |
|---|---|---|---|---|---|---|---|---|---|---|---|
| Anna Centenary Library | Anna Centenary Library | 6TH FLOOR, B WING | 20.12.2010 | 709 SCH | 389660 | 20.08.2025 | Reference |